Central Library OPAC University of Rajshahi

Negro protest thought in the twentieth century / (Record no. 27577)

MARC details
000 -LEADER
fixed length control field 00843cam a22002651 4500
001 - CONTROL NUMBER
control field 27577
003 - CONTROL NUMBER IDENTIFIER
rucl marc code BD-RjUL
005 - DATE AND TIME OF LATEST TRANSACTION
control field 20211209051155.0
008 - FIXED-LENGTH DATA ELEMENTS--GENERAL INFORMATION
fixed length control field 140325t19651965inu 001 0 eng
035 ## - SYSTEM CONTROL NUMBER
System control number (BD-RjUL)27651
040 ## - CATALOGING SOURCE
Original cataloging agency DLC
Transcribing agency DLC
Modifying agency DLC
Language of cataloging eng
041 ## - LANGUAGE CODE
Language code of text/sound track or separate title eng
082 00 - DEWEY DECIMAL CLASSIFICATION NUMBER
Classification number 301.45196073
Author mark and year NEG 1965
100 1# - MAIN ENTRY--PERSONAL NAME
Personal name Broderick, Francis L.,
9 (RLIN) 84701
245 10 - TITLE STATEMENT
Title Negro protest thought in the twentieth century /
Statement of responsibility, etc. Edited by Francis L. Broderick and August Meier.
260 ## - PUBLICATION, DISTRIBUTION, ETC. (IMPRINT)
Place of publication, distribution, etc. Indianapolis :
Name of publisher, distributor, etc. Bobbs-Merrill Co.,
Date of publication, distribution, etc. c1965
300 ## - PHYSICAL DESCRIPTION
Pagination xliii, 444 p. ;
Size 21 cm.
490 0# - SERIES STATEMENT
Series statement The American heritage series
504 ## - BIBLIOGRAPHY, ETC. NOTE
Bibliography, etc Includes index
650 #0 - SUBJECT ADDED ENTRY--TOPICAL TERM
Topical term or geographic name as entry element African Americans
General subdivision Civil rights
-- History
Form subdivision Sources.
9 (RLIN) 84702
700 1# - ADDED ENTRY--PERSONAL NAME
Personal name Meier, August,
Dates associated with a name 1923-
Relator term joint ed.
942 ## - ADDED ENTRY ELEMENTS (KOHA)
Source of classification or shelving scheme Dewey Decimal Classification
Koha item type Books
Holdings
Lost status Source of classification or shelving scheme Damaged status Not for loan Collection code Permanent Location Current Location Date acquired Source of acquisition Cost, normal purchase price Total Checkouts Full call number Date last seen Copy number Koha item type Shelving location
  Dewey Decimal Classification   Added to bundle Non-fiction Central Library, University of Rajshahi Central Library, University of Rajshahi 12/09/1985 N/A 0.00   301.45196073 NEG 1965 25/03/2014 C-1 Books  
  Dewey Decimal Classification     Non-fiction Central Library, University of Rajshahi Central Library, University of Rajshahi 25/07/1987 N/A 0.00   301.45196073 NEG 1965 25/03/2014 C-3 Books